[Event "EU/EM/M/006 EU Email"]
[Site "?"]
[Date "2002.09.28"]
[Round "?"]
[White "Klausner, Helmut"]
[Black "Shchebenyuk, Mikhail"]
[Result "1-0"]
[WhiteElo "2249"]
[BlackElo "2284"]
[PlyCount "49"]

1. e4 e5 2. Nf3 Nc6 3. d4 exd4 4. Nxd4 Bc5 5. Be3 Qf6 6. c3 Nge7 7. Bc4 Ne5 8.
Be2 d6 9. O-O Qg6 10. Kh1 O-O 11. f4 Ng4 12. Bd2 h5 13. f5 Qh7 14. Bg5 d5 15.
Nd2 f6 16. Bf4 Bxd4 17. cxd4 dxe4 18. Nxe4 Nxf5 19. h3 g5 20. Bd2 Kg7 21. Qc1
c6 22. Qc3 Ngh6 23. Bxh5 Ng8 24. g4 Nge7 25. Nxf6 1-0

[Event "EU/EM/M/006 EU Email"]
[Site "?"]
[Date "2002.09.28"]
[Round "?"]
[White "Bobel, Philippe"]
[Black "Shchebenyuk, Mikhail"]
[Result "1/2-1/2"]
[WhiteElo "2234"]
[BlackElo "2284"]
[PlyCount "56"]

1. d4 f5 2. c4 e6 3. Nc3 Bb4 4. Qc2 Nf6 5. a3 Bxc3+ 6. Qxc3 O-O 7. g3 Ne4 8.
Qc2 Nc6 9. Be3 b6 10. Bg2 Bb7 11. Nf3 Ne7 12. O-O Nf6 13. b4 d6 14. Bg5 Qe8 15.
Qd3 Be4 16. Qe3 b5 17. cxb5 Qxb5 18. Qd2 Nc6 19. Bxf6 Rxf6 20. Ne1 e5 21. Bxe4
fxe4 22. Nc2 exd4 23. Nxd4 Nxd4 24. Qxd4 Re8 25. e3 a5 26. Rfc1 Qf5 27. Qd2 Ra8
28. b5 Qxb5 1/2-1/2

[Event "EU/EM/M/006 EU Email"]
[Site "?"]
[Date "2002.09.28"]
[Round "?"]
[White "Nocci, Roberto"]
[Black "Dziedzic, Andrzej"]
[Result "1-0"]
[WhiteElo "2311"]
[BlackElo "2149"]
[PlyCount "179"]

1. d4 d5 2. c4 c6 3. Nf3 dxc4 4. e3 b5 5. a4 e6 6. axb5 cxb5 7. b3 Bd6 8. bxc4
bxc4 9. Bxc4 Kf8 10. Nc3 Nf6 11. O-O Nbd7 12. Ba3 Bxa3 13. Rxa3 a5 14. Qb3 Qb6
15. Rfa1 Qxb3 16. Rxb3 Ke7 17. Rb5 a4 18. Rb4 Ba6 19. Rbxa4 Rac8 20. Bxa6 Rxc3
21. Bf1 Rb8 22. Ra7 Rb2 23. Ne5 Ke8 24. f4 h5 25. R7a5 Rcc2 26. Ra8+ Ke7 27.
R8a7 Ke8 28. f5 Nxe5 29. dxe5 Ng4 30. fxe6 fxe6 31. Rxg7 Ra2 32. Re1 Nxe5 33.
Rh7 Ng4 34. Rxh5 Nf6 35. Rb5 Rd2 36. Rb7 Rab2 37. Ra7 Nd7 38. Rea1 Kf7 39. R1a4
Kg6 40. h4 Rd1 41. Rg4+ Kh5 42. Raa4 Rbb1 43. Rg5+ Kh6 44. Rf4 Re1 45. Rf3 Nb6
46. Re5 Nc4 47. Rxe6+ Kh7 48. g4 Nd2 49. Rf7+ Kg8 50. Ref6 Rxe3 51. Rf8+ Kg7
52. R6f7+ Kg6 53. Kg2 Rbb3 54. Rf4 Rg3+ 55. Kf2 Nxf1 56. Kxf1 Rb1+ 57. Kf2 Rh3
58. R8f6+ Kh7 59. Rf7+ Kg8 60. h5 Rb2+ 61. Kg1 Rd3 62. R7f5 Rd1+ 63. Rf1 Rd4
64. Rg5+ Kh7 65. Rf2 Rbb4 66. Rg2 Rd3 67. Kh2 Rbb3 68. Re2 Rh3+ 69. Kg1 Rbg3+
70. Rg2 Rd3 71. Kf1 Rd1+ 72. Ke2 Ra1 73. Rf2 Ra6 74. Kf1 Kh6 75. Rg8 Kh7 76.
Rgf8 Raa3 77. Rc2 Ra1+ 78. Kg2 Rah1 79. Rc7+ Kh6 80. Rf3 R1h2+ 81. Kg1 Rxf3 82.
Kxh2 Rd3 83. Kg2 Re3 84. Rc6+ Kh7 85. h6 Ra3 86. Kf2 Ra5 87. Kg3 Rb5 88. Kh4
Rd5 89. g5 Rd7 90. Kh5 1-0